| 000 | 00652cam a22002293a 4500 | ||
|---|---|---|---|
| 001 | 30991 | ||
| 003 | PGUSA | ||
| 005 | 20140828083654.0 | ||
| 008 | 100116s2010||||xxu|||||s|||||000 | eng d | ||
| 040 |
_aPGUSA _beng |
||
| 042 | _adc | ||
| 050 | 4 | _aPM | |
| 245 | 1 | 4 |
_aThe Esperantist, Vol. 1, No. 4 _h[electronic resource] |
| 260 |
_bProject Gutenberg, _c2010 |
||
| 506 | _aPublic domain in the USA. | ||
| 516 | _aElectronic text | ||
| 653 | _aEsperanto -- Periodicals | ||
| 700 | 1 |
_aMudie, H. Bolingbroke _q(Harold Bolingbroke), _d1880-1916 |
|
| 830 | 0 |
_aProject Gutenberg _v30991 |
|
| 856 | 4 | 0 | _uhttp://www.gutenberg.org/ebooks/30991 |
| 942 | _cEB | ||
| 999 |
_c260246 _d260246 |
||